№ 1; Проблемы черной металлургии и материаловедения

Détails bibliographiques
Parent link:Проблемы черной металлургии и материаловедения. № 1.— , 2020-
Résumé:Режим доступа: по договору с организацией-держателем ресурса
Langue:russe
Publié: 2022
Accès en ligne:https://elibrary.ru/contents.asp?id=48230651
Format: Électronique Livre
KOHA link:https://koha.lib.tpu.ru/cgi-bin/koha/opac-detail.pl?biblionumber=587395

MARC

LEADER 00000nam2a2200000 4500
001 587395
005 20231101131443.0
035 |a (RuTPU)RU\TPU\prd\290035 
035 |a RU\TPU\prd\289555 
090 |a 587395 
100 |a 20220518a20079999k y0rusy50 ca 
101 0 |a rus 
102 |a RU 
181 0 |a i  
182 0 |a b 
200 0 |a № 1  |b Электронный ресурс 
203 |a Текст  |c электронный 
210 |d 2022 
333 |a Режим доступа: по договору с организацией-держателем ресурса 
461 1 |0 (RuTPU)RU\TPU\prd\287715  |t Проблемы черной металлургии и материаловедения  |v № 1  |d 2020- 
801 0 |a RU  |b 63413507  |c 20010227  |g PSBO 
801 1 |a RU  |b 63413507  |c 20170824 
801 2 |a RU  |b 63413507  |c 20220518  |g RCR 
856 4 0 |u https://elibrary.ru/contents.asp?id=48230651 
942 |c BK